George Orwell : a literary life / (Record no. 6126)
[ view plain ]
| 000 -LEADER | |
|---|---|
| fixed length control field | 00674nac a22002051u 4500 |
| 010 ## - LIBRARY OF CONGRESS CONTROL NUMBER | |
| LC control number | 010060264 |
| 020 ## - INTERNATIONAL STANDARD BOOK NUMBER | |
| International Standard Book Number | 0333541588 (pbk) |
| 082 ## - DEWEY DECIMAL CLASSIFICATION NUMBER | |
| Classification number | 828.91209 |
| Item number | DAV |
| 090 ## - LOCALLY ASSIGNED LC-TYPE CALL NUMBER (OCLC); LOCAL CALL NUMBER (OCLC) | |
| -- | 6126 |
| -- | 6126 |
| 100 ## - MAIN ENTRY--PERSONAL NAME | |
| Personal name | Davison, P. H. (Peter ), |
| 245 ## - TITLE STATEMENT | |
| Title | George Orwell : a literary life / |
| Statement of responsibility, etc | Peter Davison. |
| 260 ## - PUBLICATION, DISTRIBUTION, ETC. (IMPRINT) | |
| Place of publication, distribution, etc | Basingstoke : |
| Name of publisher, distributor, etc | Macmillan, c.1996. |
| Date of publication, distribution, etc | c.1996. |
| 300 ## - PHYSICAL DESCRIPTION | |
| Extent | xxvii, 175 p. ; |
| Dimensions | 22 cm. |
| 500 ## - GENERAL NOTE | |
| General note | Distributer: Al-Ahram. |
| 504 ## - BIBLIOGRAPHY, ETC. NOTE | |
| Bibliography, etc | Includes bibliography and index. |
| 650 ## - SUBJECT ADDED ENTRY--TOPICAL TERM | |
| Topical term or geographic name as entry element | Orwell, George, 1903-1950 -- Biography. |
| 650 ## - SUBJECT ADDED ENTRY--TOPICAL TERM | |
| Topical term or geographic name as entry element | Authors, English -- Biography. |
| 650 ## - SUBJECT ADDED ENTRY--TOPICAL TERM | |
| Topical term or geographic name as entry element | English literature |
| 942 ## - ADDED ENTRY ELEMENTS (KOHA) | |
| Item type | Book - Borrowing |
| Call number prefix | 828.91209 DAV |
| Withdrawn status | Item status | Damaged status | Not for loan | Home library | Current library | Shelving location | Date acquired | Source of acquisition | Total Checkouts | Total Renewals | Full call number | Barcode | Date last seen | Date last borrowed | Koha item type |
|---|---|---|---|---|---|---|---|---|---|---|---|---|---|---|---|
| Central Library | Central Library | Second Floor | 07/11/2013 | Purchase | 1 | 1 | 828.91209 DAV | 000007655 | 15/07/2025 | 14/11/2021 | Book - Borrowing |